000
00228nam a22001097a 4500
082
_a
808.3 MAS'R
100
_a
MASTERS, JOHN
_9
2343
245
_a
THE RAVI LANCERS
260
_a
LONDON
_b
CORGI
_c
1973
300
_a
36
942
_c
BK
999
_c
584236
_d
584236